Open Data Biblioteca Nacional de Portugal


República Portuguesa: Ministério da Cultura
Biblioteca Nacional de Portugal

Catálogo da BNP: acesso por Identificadores Unívocos
Registos Bibliográficos associados ao registo de autoridade

Etiqueta de registo: 00230nam 2200025 450
001 1789972
003 http://id.bnportugal.gov.pt/bib/catbnp/1789972
010 ## $a978-989-554-698-5
021 ## $aPT$b311537/10
100 ## $a20110926d2010 m y0pory0103 ba
101 0# $apor
102 ## $aPT
105 ## $aa z 000yy
106 ## $ar
200 1# $aAlmada Negreiros$fAndré Silveira$grev. Margarida Guimarães$gfot. Arnaldo Soares
210 #9 $aMatosinhos$cQuidNovi,$dcop. 2010
215 ## $a95 p.$cil.$d23 cm
225 2# $aPintores portugueses$v11
320 ## $aBibliografia, p. 92-93
675 ## $a929Negreiros, Almada$vBN$zpor$3707524
675 ## $a75Negreiros, Almada$vBN$zpor$3712796
700 #1 $91$aSilveira,$bAndré$31470030
702 #1 $aGuimarães,$bMargarida$4675$341586
702 #1 $aSoares,$bArnaldo$4600$349516
801 #0 $aPT$bBN$gRPC
856 41 $uhttp://rnod.bnportugal.gov.pt/ImagesBN/winlibimg.aspx?skey=&doc=1789972&img=1491&save=true
966 ## $lBN$mFGMON$sH.G. 61733 V.$x1
966 ## $lBN$mFGMON$sH.G. 61733 V.-D$x1

Etiqueta de registo: 00254nam 2200025 450
001 2133353
003 http://id.bnportugal.gov.pt/bib/catbnp/2133353
010 ## $a978-989-568-048-1
021 ## $aPT$b508109/22
100 ## $a20230531d2022 m y0pory01030103ba
101 0# $apor$aeng
102 ## $aPT
105 ## $aa b 000yy
106 ## $ar
200 1# $a A sequência dos dias$d The sequence of the days$ftextos Rui Matos, André Silveira, Eva Mendes$gfot. Rui Matos, Marta Poppe$gtrad. José Gabriel Flores$zeng
210 #9 $aLisboa$cFundação Carmona e Costa$cDocumenta,$d2022
215 ## $a121, [6] p.$ctodo il.$d32 cm
305 ## $aEd. bilingue em português e inglês
312 ## $aTít. lombada: Rui Matos escultura
510 1# $a The sequence of the days$zeng
516 1# $aRui Matos escultura
675 ## $a730Matos, Rui(083.82)$vBN$zpor$31614538
675 ## $a730(=1:469)"19/20"(083.82)$vBN$zpor$31614539
702 #1 $aMatos,$bRui,$f1959-$4040$310901
702 #1 $aMendes,$bEva,$f1987-$4070$31579996
702 #1 $aFlores,$bJosé Gabriel$4730$3127243
702 #1 $aPoppe,$bMarta $4600$31396101
702 #1 $91$aSilveira,$bAndré$4070$31470030
801 #0 $aPT$bBN$gRPC
856 41 $uhttp://rnod.bnportugal.gov.pt/ImagesBN/winlibimg.aspx?skey=&doc=2133353&img=179972&save=true
900 ## $aBIBNAC$d20230623
966 ## $lBN$mFGMON$sB.A. 5057 A.$x1
966 ## $lBN$mFGMON$sB.A. 5057 A.-D $x1
971 ## $carosa$d20230531
972 ## $e0$z0$d20230623$viquintas
973 ## $canasil$d20230601
974 ## $d20230619$e0$vaalmeid

Etiqueta de registo: 00254nam 2200025 450
001 2285567
003 http://id.bnportugal.gov.pt/bib/catbnp/2285567
010 ## $a978-972-8679-46-0
021 ## $aPT$b560635/26
100 ## $a20260430d2026 m y0pory01030103ba
101 0# $aeng
102 ## $aPT
105 ## $ay z 000yy
106 ## $ar
200 1# $a The writing of art$etexts by Portuguese artists (1958-1992)$fAlberto Carneiro... [et al.]$gconcept, sel and org. Catarina Rosendo$gresearch and introd. Texts André Silveira, Catarina Rosendo$gtranscr. Cláudia Pinto$gtransl. Diogo Montenegro, Rui Cascais Parada
210 #9 $aCoimbra$cCírculo de Artes Plásticas de Coimbra,$dcop. 2026
215 ## $a345 p.$d23cm
701 #1 $aCarneiro,$bAlberto,$f1937-2017$4070$310890
702 #1 $aRosendo,$bCatarina,$f1972-$4340$3985809
702 #1 $91$aSilveira,$bAndré$4080$31470030
702 #1 $aPinto,$bCláudia Moura Dias$4070$31044577
702 #1 $aMontenegro,$bDiogo$4730$31569143
702 #1 $aParada,$bRui Cascais$4730$31332429
801 #0 $aPT$bBN$gRPC
966 ## $lBN$mFGMON$x1
966 ## $lBN$mFGMON$x1
971 ## $ciquintas$d20260430

Etiqueta de registo: 00254nam 2200025 450
001 2286032
003 http://id.bnportugal.gov.pt/bib/catbnp/2286032
010 ## $a978-972-8679-45-3
021 ## $aPT$b557791/25
100 ## $a20260508d2025 m y0pory01030103ba
101 0# $apor
102 ## $aPT
105 ## $ay z 000yy
106 ## $ar
200 1# $a A escrita da arte$etextos de artistas portugueses (1958-1992)$fAlberto Carneiro... [et al.]$gconceção, sel. e org. Catarina Rosendo$gpesquisa e textos introd. André Silveira, Catarina Rosendo$gtranscrições Cláudia Pinto
210 #9 $aCoimbra$cCírculo de Artes Plásticas de Coimbra,$dcop. 2025
215 ## $a353 p.$d23 cm
701 #1 $aCarneiro,$bAlberto,$f1937-2017$4070$310890
702 #1 $98$aPinto,$bCláudia$4205$31998001
702 #1 $91$aSilveira,$bAndré$4080$31470030
702 #1 $aRosendo,$bCatarina,$f1972-$4340$3985809
801 #0 $aPT$bBN$gRPC
966 ## $lBN$mFGMON$x1
966 ## $lBN$mFGMON$x1
971 ## $cssilva$d20260508

OpendataBNP@bnportugal.pt | Mais informação sobre acesso aos dados BNP